000
00296nam a2200097Ia 4500
082
_a
820.711 KANE
245
0
_a
Introduction to English literary studies
100
_a
KANE, Gwen Cape Town, South Africa, [2012?] 3rd ed
_9
85550
942
_c
BK
008
210817s9999 xx 000 0 und d
999
_c
320219
_d
320218